К столетию со дня Феликса Николаевича Шахова; Известия вузов. Геология и разведка; № 3

Podrobná bibliografie
Parent link:Известия вузов. Геология и разведка.— , 1958-
№ 3.— 1994.— С. 125-126
Hlavní autor: Коробейников А. Ф. Александр Феопенович
Jazyk:ruština
Vydáno: 1994
Témata:
Médium: MixedMaterials Kapitola
KOHA link:https://koha.lib.tpu.ru/cgi-bin/koha/opac-detail.pl?biblionumber=420604

MARC

LEADER 00000naa2a2200000 4500
001 420604
005 20231101073413.0
035 |a (RuTPU)RU\TPU\prd\78217 
090 |a 420604 
100 |a 20100319a1994 k y0rusy50 ca 
101 0 |a rus 
102 |a RU 
200 1 |a К столетию со дня Феликса Николаевича Шахова  |f А. Ф. Коробейников 
461 0 |0 (RuTPU)RU\TPU\prd\464  |t Известия вузов. Геология и разведка  |d 1958- 
463 0 |0 (RuTPU)RU\TPU\prd\75809  |t № 3  |v С. 125-126  |d 1994 
600 1 |a Шахов  |g Феликс Николаевич  |b Ф. Н.  |c российский геолог  |c профессор Томского политехнического института  |f 1894-1971  |y Томск  |2 stltpush  |3 (RuTPU)RU\TPU\pers\505 
610 1 |a труды учёных ТПУ 
700 1 |a Коробейников  |b А. Ф.  |c российский геолог, доктор геолого-минералогических наук  |c профессор Томского политехнического университета  |f 1934-  |g Александр Феопенович  |2 stltpush  |3 (RuTPU)RU\TPU\pers\12688  |4 070 
801 1 |a RU  |b 63413507  |c 20100319 
801 2 |a RU  |b 63413507  |c 20180221  |g RCR 
942 |c BK